Adventure of lou shao hao = Lou shao hao piao liu ji

Bibliographic Details
Main Author: Sun You Jun (Author)
Format: Book
Published: China : Chun Feng Literature Publication , 2006
Subjects:

MARC

LEADER 00000cam a2200000 7i4500
001 0000125718
005 20250919155118.0
020 |a 9787531330585 
090 0 0 |a JFM   |b SUN 
100 0 |a Sun You Jun ,   |e author 
245 1 0 |a Adventure of lou shao hao = Lou shao hao piao liu ji   |c Sun You Jun, Sun Yin 
260 |a China :   |b Chun Feng Literature Publication ,   |c 2006 
300 |a 196p. ;   |c 21cm. 
650 0 0 |a Children's stories, Chinese 
650 0 0 |a Chinese fiction 
650 0 0 |a Chinese language 
999 |a 00219785   |b BUKU   |c JUNIOR FICTION MANDARIN COLLECTION   |e PERPUSTAKAAN KOMUNITI PETALING JAYA 
999 |a 00219786   |b BUKU   |c JUNIOR FICTION MANDARIN COLLECTION   |e PERPUSTAKAAN KOMUNITI PETALING JAYA